Quiz sur l'Hérault - Statistiques

Statistiques générales
  • Ce quiz a été pris 236 fois
  • Le résultat moyen est 15 sur 20
Statistiques - réponses
Question Réponse % Correct
Numéro du département 34
100%
Préfecture et plus grande ville Montpellier
97%
Région Occitanie
97%
Mer qui borde le département. Mer Méditerranée
92%
Gard
90%
Sous-préfecture Béziers
86%
Venise du Languedoc connue pour des tournois de joutes nautiques. Sète
84%
Départements limitrophes Aude
81%
Commune renommée pour son histoire millénaire et son quartier naturiste. Agde
80%
Aveyron
76%
La faculté de ... de la préfecture est la plus ancienne encore en activité au monde dans ce domaine. Médecine
75%
Célèbre résistant né dans l'Hérault et inhumé au Panthéon. Jean Moulin
73%
Gentilé Héraultais
70%
Station balnéaire créée par la Mission Racine dont la Grande Pyramide est typique de son architecture moderne. La Grande Motte
69%
Plus grand plan d'eau de la région connue pour ses élevages d’huîtres; Etang de Thau
66%
Tarn
65%
Lodève
61%
Année durant laquelle le record de chaleur français a été battu à Vérargues. 2019
56%
Territoires du Massif Central inscrits au patrimoine mondial de l'Unesco présents dans l'Hérault (citez un des deux). Les Causses et les Cévennes
45%
Nombre d'habitants (arrondi à la dizaine de milliers d'habitants) 1 140 000 (1 144 892)
18%
Aucun quiz correspondant
Distribution des résultats
% des personnes avec chaque résultat
Percentile par nombre de réponses
Votre historique - résultats
Vous n’avez pas pris ce quiz